[Event "BSenEM 2014"]
[Site "Berlin"]
[Date "2014.01.31"]
[Round "2.1"]
[White "Simon, Ralf-Axel"]
[Black "Hohn, August"]
[Result "1-0"]
[WhiteElo "2190"]
[BlackElo "1824"]
[Annotator "Jaeger,André"]
[PlyCount "43"]
[EventDate "2014.01.30"]
[WhiteTeam "TSG Neuruppin"]
[BlackTeam "SC Zugzwang 95 e.V."]

1. Nf3 d5 2. e3 Nf6 3. c4 c6 4. Nc3 Bg4 5. Qb3 Qb6 6. Ne5 Qxb3 7. axb3 e6 8.
Nxg4 Nxg4 9. Be2 Nf6 10. d4 Bb4 11. Ra4 a5 12. Bd2 O-O 13. O-O Nbd7 14. Rfa1 b6
15. Be1 Rab8 16. f3 Rb7 17. Bg3 Ra8 18. Rd1 h6 19. Raa1 Bxc3 20. bxc3 e5 21.
Bf2 Rbb8 22. Rac1 {Rest unleserlich/unklar.} 1-0

[Event "BSenEM 2014"]
[Site "Berlin"]
[Date "2014.01.31"]
[Round "2.2"]
[White "Schmidt, Dietrich"]
[Black "Reichenbach, Werner"]
[Result "0-1"]
[WhiteElo "1824"]
[BlackElo "2183"]
[Annotator "Jaeger,André"]
[PlyCount "70"]
[EventDate "2014.01.30"]
[WhiteTeam "SV Empor Berlin e.V."]
[BlackTeam "SC Oberkrämer"]

1. e4 g6 2. d4 Bg7 3. Nc3 d6 4. f4 Nf6 5. e5 Nfd7 6. Nf3 c5 7. exd6 O-O 8. Bd3
cxd4 9. Nb5 Nc6 10. O-O a6 11. dxe7 Qxe7 12. Re1 Qc5 13. Na3 b5 14. Kh1 Bb7 15.
Nb1 Rfe8 16. Nbd2 Rxe1+ 17. Qxe1 Nf6 18. Ne4 Nxe4 19. Qxe4 Na5 20. Qe2 Nc4 21.
a4 Rc8 22. axb5 axb5 23. Bd2 Nxb2 24. Rb1 Nxd3 25. cxd3 Qd5 26. Qe7 Bf8 27. Qe2
Qh5 28. h3 Rc2 29. Kh2 Bxf3 30. gxf3 Bd6 31. Kg1 Qxh3 32. Rc1 Qg3+ 33. Kf1
Rxc1+ 34. Bxc1 Bxf4 35. Ba3 Be3 0-1

[Event "BSenEM 2014"]
[Site "Berlin"]
[Date "2014.01.31"]
[Round "2.3"]
[White "Postler, Reinhard"]
[Black "Keusch, Horst"]
[Result "1/2-1/2"]
[WhiteElo "2138"]
[BlackElo "1819"]
[Annotator "Jaeger,André"]
[PlyCount "46"]
[EventDate "2014.01.30"]
[WhiteTeam "TSG Oberschöneweide e.V."]
[BlackTeam "SC Friesen Lichtenberg e.V."]

1. e4 g6 2. d4 c6 3. Nc3 d5 4. h3 Bg7 5. Nf3 Nh6 6. Bf4 f6 7. exd5 cxd5 8. Nb5
Na6 9. c4 Nf7 10. cxd5 Qxd5 11. Nc3 Qa5 12. Bb5+ Kf8 13. O-O Nc7 14. Qb3 Nxb5
15. Nxb5 Bd7 16. Nc7 Rc8 17. Ne6+ Bxe6 18. Qxe6 Rc6 19. Qd7 Qf5 20. Qxb7 Nd8
21. Qxa7 Qxf4 22. d5 Rc7 23. Qb6 f5 1/2-1/2

[Event "BSenEM 2014"]
[Site "Berlin"]
[Date "2014.01.31"]
[Round "2.4"]
[White "Hoppe, Rainer"]
[Black "Meißner, Hans-Jürgen"]
[Result "0-1"]
[WhiteElo "1797"]
[BlackElo "2110"]
[Annotator "Jaeger,André"]
[PlyCount "90"]
[EventDate "2014.01.30"]
[WhiteTeam "SG Wedding e.V."]
[BlackTeam "SV Empor Berlin e.V."]

1. e4 c5 2. c3 Nf6 3. e5 Nd5 4. Nf3 e6 5. a3 Be7 6. d4 cxd4 7. cxd4 d6 8. Bd3
Nd7 9. O-O b6 10. Re1 Bb7 11. Bd2 O-O 12. Nc3 Nxc3 13. Bxc3 Rc8 14. Qe2 dxe5
15. dxe5 Rc7 16. Rad1 Qa8 17. Bd2 Nc5 18. Bb1 Rfc8 19. Bb4 g6 20. h3 a5 21.
Bxc5 Bxf3 22. gxf3 Rxc5 23. Rd7 Bg5 24. Be4 Qb8 25. Bb7 R8c7 26. Rxc7 Qxc7 27.
Ba6 Bf4 28. Qe4 Rxe5 29. Qa8+ Kg7 30. Rd1 Bg5 31. Qc8 Qxc8 32. Bxc8 Re2 33. b4
axb4 34. axb4 Bh4 35. b5 Bxf2+ 36. Kf1 Rc2 37. Bb7 Bc5 38. Rd3 Rh2 39. Bc6 Rxh3
40. Kg2 Rh4 41. Be4 f5 42. Bc6 Kf6 43. Rd1 h5 44. Kg3 g5 45. Kg2 Rb4 0-1

[Event "BSenEM 2014"]
[Site "Berlin"]
[Date "2014.01.31"]
[Round "2.5"]
[White "Grottke, Dr. Hans-Joachim"]
[Black "Fitzke, Ulrich"]
[Result "1-0"]
[WhiteElo "2110"]
[BlackElo "1803"]
[Annotator "Jaeger,André"]
[PlyCount "59"]
[EventDate "2014.01.30"]
[WhiteTeam "SC Empor Potsdam 1952 e.V."]
[BlackTeam "SV Bau-Union e.V."]

1. e4 c5 2. Nf3 Nc6 3. Bb5 Qc7 4. O-O d6 5. Re1 e6 6. c3 Bd7 7. d4 cxd4 8. cxd4
Nce7 9. Bd3 g6 10. Nc3 Bg7 11. Nb5 Qb8 12. Qc2 Bxb5 13. Bxb5+ Kd8 14. Bf4 a6
15. Ba4 Nf6 16. h3 b5 17. Bb3 Qb6 18. d5 Rc8 19. Qd2 e5 20. Bxe5 Nh5 21. Bxg7
Nxg7 22. Ng5 Ke8 23. Qf4 f5 24. exf5 Ngxf5 25. g4 Qd4 26. Re4 Qxb2 27. Rae1 Kd7
28. Rxe7+ Nxe7 29. Rxe7+ Kxe7 30. Qf7+ 1-0

[Event "BSenEM 2014"]
[Site "Berlin"]
[Date "2014.01.31"]
[Round "2.6"]
[White "Mayer, Dr. Herbert"]
[Black "Kollberg, Lothar"]
[Result "1/2-1/2"]
[WhiteElo "1777"]
[BlackElo "2037"]
[Annotator "Jaeger,André"]
[PlyCount "58"]
[EventDate "2014.01.30"]
[WhiteTeam "SC Rochade e.V."]
[BlackTeam "SC Rotation Pankow e.V."]

1. b3 Nf6 2. f4 g6 3. Bb2 d5 4. Nf3 Bg7 5. e3 O-O 6. Be2 c5 7. d3 Ng4 8. Bxg7
Kxg7 9. Qd2 d4 10. exd4 cxd4 11. O-O Nc6 12. Na3 f6 13. Ne1 Ne3 14. Rf2 e5 15.
Nc4 exf4 16. Rxf4 Nd5 17. Rf2 b5 18. Nb2 Bb7 19. Nd1 b4 20. Nb2 Rb8 21. Nc4 Re8
22. Bf3 a5 23. g3 Ne5 24. Nxe5 Rxe5 25. a3 bxa3 26. Rxa3 Qe7 27. Ra1 Nc3 28.
Bxb7 Rxb7 29. Nf3 Rd5 {(=)} 1/2-1/2

[Event "BSenEM 2014"]
[Site "Berlin"]
[Date "2014.01.31"]
[Round "2.7"]
[White "Welz, Dr. Peter"]
[Black "Oppermann, Peter"]
[Result "1-0"]
[WhiteElo "2025"]
[BlackElo "1789"]
[Annotator "Jaeger,André"]
[PlyCount "81"]
[EventDate "2014.01.30"]
[WhiteTeam "SV Empor Berlin e.V."]
[BlackTeam "SK Tempelhof 1931 e.V."]

1. e4 e6 2. d4 d5 3. e5 c5 4. c3 Nc6 5. Nf3 Qb6 6. a3 a5 7. Bd3 Be7 8. O-O Bd7
9. Bc2 Nh6 10. b3 f6 11. dxc5 Qc7 12. exf6 Bxf6 13. Ng5 O-O-O 14. b4 Na7 15.
Re1 Rde8 16. h3 Qc6 17. Nxh7 e5 18. Bxh6 Rxh7 19. Bxh7 Rh8 20. Be4 dxe4 21. Be3
Be7 22. Nd2 Qg6 23. f3 Bxh3 24. Qe2 exf3 25. Nxf3 Bg4 26. Qf2 Qh5 27. Qg3 e4
28. Nh2 Bf5 29. Rf1 g6 30. Bf4 Bh4 31. Qe3 Bf6 32. Bg3 Nc6 33. bxa5 Ne5 34. a6
bxa6 35. c6 Ng4 36. Qa7 Be5 37. Qb7+ Kd8 38. c7+ Ke8 39. Rxf5 Qxh2+ 40. Bxh2
Bxh2+ 41. Kf1 1-0

[Event "BSenEM 2014"]
[Site "Berlin"]
[Date "2014.01.31"]
[Round "2.8"]
[White "Schräpel, Manfred"]
[Black "Püschel, Werner"]
[Result "0-1"]
[WhiteElo "1757"]
[BlackElo "2008"]
[Annotator "Jaeger,André"]
[PlyCount "130"]
[EventDate "2014.01.30"]
[WhiteTeam "BSV 63 Chemie Weißensee"]
[BlackTeam "SG Lasker Steglitz-Wilmersdorf"]

1. d4 c5 2. c3 e6 3. Nf3 Nf6 4. e3 b6 5. Bd3 Bb7 6. Nbd2 Be7 7. O-O O-O 8. Qe2
g6 9. a3 d6 10. Rd1 Qc7 11. e4 e5 12. dxe5 dxe5 13. Nf1 Nbd7 14. Bg5 Rfe8 15.
Ng3 Nf8 16. Bc4 Red8 17. h3 Kg7 18. Qe3 Ng8 19. Bxe7 Qxe7 20. Rd2 Rxd2 21. Nxd2
Rd8 22. Rd1 h6 23. Kf1 Ne6 24. Ne2 Nf6 25. Ke1 Qd6 26. f3 Nh5 27. g3 f5 28.
exf5 gxf5 29. Bxe6 Qxe6 30. Nf1 Rxd1+ 31. Kxd1 Qd5+ 32. Nd2 Ba6 33. c4 Bxc4 34.
Nc3 Qd6 35. Kc2 Ba6 36. g4 Nf4 37. gxf5 Qd3+ 38. Qxd3 Bxd3+ 39. Kd1 Bxf5 40. h4
Ng2 41. Nb5 Nxh4 42. Ke2 Ng6 43. Kf2 Nf4 44. b3 Nd5 45. Nxa7 Bd7 46. a4 Kg6 47.
Nc4 Kf5 48. Nd6+ Kf4 49. Nab5 Bxb5 50. Nxb5 e4 51. fxe4 Kxe4 52. Ke2 Nf4+ 53.
Kd2 h5 54. Nd6+ Kf3 55. Ke1 Nd5 56. Kf1 Ke3 57. Nc4+ Kd3 58. Kg1 Kc3 59. a5 b5
60. Nd6 b4 61. Ne4+ Kd4 62. Nd6 Nc7 63. Kh2 Na6 64. Kh3 Kc3 65. Ne4+ Kxb3 0-1

[Event "BSenEM 2014"]
[Site "Berlin"]
[Date "2014.01.31"]
[Round "2.9"]
[White "Shapiro, Yosip"]
[Black "Hiller, Bernd"]
[Result "1-0"]
[WhiteElo "2005"]
[BlackElo "1762"]
[Annotator "Jaeger,André"]
[PlyCount "55"]
[EventDate "2014.01.30"]
[WhiteTeam "SV Berolina Mitte e.V."]
[BlackTeam "TSG Wittenberg"]

1. Nf3 d5 2. d4 Nc6 3. g3 Bg4 4. Bg2 Qd7 5. h3 Bh5 6. O-O h6 7. Nc3 Nf6 8. Ne5
Qe6 9. Nd3 Qc8 10. Nf4 e6 11. Nxh5 Nxh5 12. e4 Nf6 13. exd5 exd5 14. Re1+ Ne7
15. Nxd5 Nfxd5 16. Bxd5 c6 17. Bg2 Qd7 18. c3 O-O-O 19. Qa4 Kb8 20. Bf4+ Ka8
21. Re5 Nc8 22. d5 Nb6 23. dxc6 Nxa4 24. cxd7 Bd6 25. Rb5 Bxf4 26. Rxb7 a5 27.
gxf4 Rb8 28. Rc7+ 1-0

[Event "BSenEM 2014"]
[Site "Berlin"]
[Date "2014.01.31"]
[Round "2.12"]
[White "Rehder, Frank"]
[Black "Burger, Heinrich"]
[Result "0-1"]
[WhiteElo "1722"]
[BlackElo "1961"]
[Annotator "Jaeger,André"]
[PlyCount "34"]
[EventDate "2014.01.30"]
[WhiteTeam "SC Zugzwang 95 e.V."]
[BlackTeam "VfB Hermsdorf e.V."]

1. d4 Nf6 2. Nf3 g6 3. c4 d5 4. e3 Bg7 5. Nc3 O-O 6. b3 c5 7. cxd5 cxd4 8. Nxd4
Nxd5 9. Nxd5 Qxd5 10. f3 Nc6 11. Bc4 Qg5 12. O-O Rd8 13. Qe2 Nxd4 14. exd4
Bxd4+ 15. Kh1 Qe5 16. Qxe5 Bxe5 17. Rb1 Bf5 0-1

[Event "BSenEM 2014"]
[Site "Berlin"]
[Date "2014.01.31"]
[Round "2.13"]
[White "Trefzer, Erhard"]
[Black "Kohlmeyer, Dagobert"]
[Result "1-0"]
[WhiteElo "1961"]
[BlackElo "1739"]
[Annotator "Jaeger,André"]
[PlyCount "105"]
[EventDate "2014.01.30"]
[WhiteTeam "SV Besigheim"]
[BlackTeam "SC Rochade e.V."]

1. d4 Nf6 2. c4 g6 3. Nc3 d5 4. Nf3 Bg7 5. Bg5 c6 6. e3 O-O 7. Bd3 Re8 8. O-O
b6 9. Rc1 Ba6 10. b3 e6 11. cxd5 Bxd3 12. Qxd3 exd5 13. Ne2 Qd6 14. Bf4 Qa3 15.
Be5 Rc8 16. Nc3 Nbd7 17. Rc2 Qe7 18. Rfc1 Qe6 19. Ne2 Nxe5 20. Nxe5 c5 21. Nf3
Ne4 22. Qa6 g5 23. Ng3 Nxg3 24. hxg3 g4 25. Ne1 Bf8 26. Nd3 Rc6 27. Nf4 Qd6 28.
Qd3 Rac8 29. Qf5 Bg7 30. Nxd5 Rd8 31. Nf4 Qd7 32. Qxd7 Rxd7 33. dxc5 Rxc5 34.
Rxc5 bxc5 35. Rxc5 h6 36. Ra5 Bc3 37. Rd5 Rc7 38. f3 gxf3 39. gxf3 a5 40. Rd6
Be5 41. Rxh6 Rc1+ 42. Kf2 Rc2+ 43. Ne2 Rxa2 44. f4 Bc3 45. Kf3 Bb4 46. Rc6 Kg7
47. g4 Be1 48. Nd4 Rb2 49. g5 Rf2+ 50. Ke4 Rh2 51. Nf3 Rb2 52. Nxe1 Rxb3 53.
Rc4 1-0

[Event "BSenEM 2014"]
[Site "Berlin"]
[Date "2014.01.31"]
[Round "2.14"]
[White "Kolkwitz, Klaus"]
[Black "Schulz, Wolfgang"]
[Result "0-1"]
[WhiteElo "1720"]
[BlackElo "1954"]
[Annotator "Jaeger,André"]
[PlyCount "30"]
[EventDate "2014.01.30"]
[WhiteTeam "ESV 1949 Eberswalde e.V."]
[BlackTeam "Hamburger SK von 1830 eV"]

1. d4 g6 2. Bf4 Bg7 3. e3 d6 4. Nd2 e5 5. dxe5 dxe5 6. Bg3 Nc6 7. c3 f5 8. Ngf3
h6 9. Bb5 Qe7 10. Qe2 g5 11. h3 Bd7 12. Nc4 f4 13. Bh2 a6 14. Bxc6 Bxc6 15. Qd3
e4 0-1

[Event "BSenEM 2014"]
[Site "Berlin"]
[Date "2014.01.31"]
[Round "2.15"]
[White "Jaeger, Andre"]
[Black "Kohlstadt-Erlebach, Paul"]
[Result "1-0"]
[WhiteElo "1936"]
[BlackElo "1722"]
[PlyCount "57"]
[EventDate "2014.01.30"]
[WhiteTeam "SC Rochade e.V."]
[BlackTeam "SK Tempelhof 1931 e.V."]

1. d4 d5 2. c4 e6 3. Nc3 Nf6 4. cxd5 exd5 5. Bg5 Be7 6. e3 c6 7. Qc2 Be6 8. Bd3
h6 9. Bh4 Nbd7 10. Nge2 Rc8 11. O-O O-O 12. f3 a6 13. a3 c5 14. Rad1 b5 15. Qd2
c4 16. Bb1 b4 17. axb4 Bxb4 18. e4 Be7 19. e5 Nh7 20. Bxe7 Qxe7 21. Nf4 Rfd8
22. Ncxd5 Bxd5 23. Nxd5 Qe6 24. Bxh7+ Kxh7 25. Qc2+ Kg8 26. Ne3 Qc6 27. Nf5 Kf8
28. Nd6 Rc7 29. Qh7 1-0

[Event "BSenEM 2014"]
[Site "Berlin"]
[Date "2014.01.31"]
[Round "2.16"]
[White "Richter, Hans-Peter"]
[Black "Gremm, Albert Jürgen"]
[Result "1-0"]
[WhiteElo "1914"]
[BlackElo "1718"]
[Annotator "Jaeger,André"]
[PlyCount "75"]
[EventDate "2014.01.30"]
[WhiteTeam "SV Königsjäger Süd-West e.V."]
[BlackTeam "SC Kreuzberg e.V."]

1. e4 d5 2. d4 Nc6 3. Nc3 Nf6 4. Bb5 Nxe4 5. Nxe4 dxe4 6. f3 e6 7. Be3 Qd5 8.
Ba4 b5 9. Bb3 Qd8 10. Qd2 Bb4 11. c3 Bd6 12. Bc2 Na5 13. b3 Bb7 14. Qe2 exf3
15. Nxf3 O-O 16. Bxh7+ Kxh7 17. Ng5+ Kg6 18. Qxb5 f6 19. Qd3+ f5 20. Nxe6 Qe7
21. Nxf8+ Rxf8 22. O-O-O Be4 23. Qa6 f4 24. Bf2 Rf6 25. Qxa5 Ba3+ 26. Kd2 Rf5
27. Qa6+ Kh7 28. Qe2 c5 29. Rhe1 Re5 30. dxe5 Qd7+ 31. Bd4 Bg6 32. e6 Qc6 33.
Qc4 Qxg2+ 34. Re2 Qg5 35. Rg1 Qf5 36. Rxg6 Qxg6 37. Qd3 Bc1+ 38. Kc2 1-0

[Event "BSenEM 2014"]
[Site "Berlin"]
[Date "2014.01.31"]
[Round "2.17"]
[White "Grabinger, Hartmut"]
[Black "Körner, Helmut"]
[Result "1/2-1/2"]
[WhiteElo "1897"]
[BlackElo "1715"]
[Annotator "Jaeger,André"]
[PlyCount "73"]
[EventDate "2014.01.30"]
[WhiteTeam "SK Tempelhof 1931 e.V."]
[BlackTeam "Sfr.Nord-Ost Berlin"]

1. e4 d5 2. exd5 Nf6 3. Bb5+ Bd7 4. Be2 Nxd5 5. d4 Nb6 6. Nf3 Bg4 7. O-O e6 8.
Nbd2 c5 9. h3 Bh5 10. c3 cxd4 11. Nxd4 Bxe2 12. Qxe2 Be7 13. Ne4 O-O 14. Rd1
Qc8 15. Bf4 Nd5 16. Bh2 Nc6 17. Nf3 Rd8 18. Re1 Nf6 19. Rad1 Rxd1 20. Rxd1 Nxe4
21. Qxe4 Qe8 22. Ne5 Rd8 23. Rxd8 Qxd8 24. Bf4 Nxe5 25. Bxe5 Qd7 26. Qd4 Qxd4
27. Bxd4 a6 28. Kf1 f6 29. Ke2 Kf7 30. Kd3 e5 31. Bb6 Ke6 32. a4 f5 33. f3 Kd5
34. b3 h5 35. g3 g6 36. Be3 b5 37. axb5 1/2-1/2

[Event "BSenEM 2014"]
[Site "Berlin"]
[Date "2014.01.31"]
[Round "2.18"]
[White "Barwich, Alfred"]
[Black "Herrmann, Eberhard"]
[Result "1-0"]
[WhiteElo "1893"]
[BlackElo "1705"]
[Annotator "Jaeger,André"]
[PlyCount "53"]
[EventDate "2014.01.30"]
[WhiteTeam "SV Berolina Mitte e.V."]
[BlackTeam "SC Friesen Lichtenberg e.V."]

1. d4 d5 2. Nf3 Nf6 3. Bf4 a6 4. h3 e6 5. e3 c5 6. c3 Nc6 7. Bd3 h6 8. O-O Bd6
9. Bxd6 Qxd6 10. Nbd2 c4 11. Bc2 e5 12. dxe5 Nxe5 13. Nxe5 Qxe5 14. Nf3 Qe7 15.
Qd4 O-O 16. Rad1 Be6 17. Qh4 Rfe8 18. Rd4 Nh7 19. Qg3 Ng5 20. Rfd1 Nxf3+ 21.
Qxf3 b5 22. e4 dxe4 23. Qxe4 g6 24. Re1 Qf6 25. Qe3 Kg7 26. Re4 Bf5 27. Qc1 {
Rest unklar.} 1-0

[Event "BSenEM 2014"]
[Site "Berlin"]
[Date "2014.01.31"]
[Round "2.19"]
[White "Paul, Reinhart"]
[Black "Müller, Johannes"]
[Result "1-0"]
[WhiteElo "1873"]
[BlackElo "1694"]
[Annotator "Jaeger,André"]
[PlyCount "97"]
[EventDate "2014.01.30"]
[WhiteTeam "CFC Hertha 06 e.V."]
[BlackTeam "SC Friesen Lichtenberg e.V."]

1. e4 c6 2. d4 d5 3. exd5 cxd5 4. c4 Nf6 5. Nf3 g6 6. h3 Bg7 7. Nc3 O-O 8. Be2
Nbd7 9. Bf4 a6 10. O-O Nb6 11. c5 Nbd7 12. Rc1 Re8 13. g4 e6 14. b4 Ne4 15. Qb3
Nxc3 16. Qxc3 Nf6 17. Nd2 h5 18. g5 Ne4 19. Nxe4 dxe4 20. Rfd1 Qd5 21. Bc4 Qf5
22. Qg3 Bd7 23. Be5 Bc6 24. Bxg7 Kxg7 25. Qe5+ Kh7 26. Qxf5 gxf5 27. d5 exd5
28. Bxd5 Kg6 29. h4 Re5 30. Bxc6 bxc6 31. Rd6+ Re6 32. Rcd1 f4 33. Rxe6+ fxe6
34. Rd6 Kf5 35. Rxc6 Ke5 36. Rd6 Rb8 37. a3 a5 38. Rd1 axb4 39. axb4 Rxb4 40.
Rc1 Rb7 41. c6 Rc7 42. Kf1 Kf5 43. Ke2 Kg4 44. g6 Kxh4 45. g7 Rxg7 46. Rh1+ Kg5
47. Rg1+ Kh6 48. Rxg7 Kxg7 49. c7 1-0

[Event "BSenEM 2014"]
[Site "Berlin"]
[Date "2014.01.31"]
[Round "2.20"]
[White "Petkov, Peter"]
[Black "Trostel, Uwe"]
[Result "1-0"]
[WhiteElo "1857"]
[BlackElo "1688"]
[Annotator "Jaeger,André"]
[PlyCount "51"]
[EventDate "2014.01.30"]
[WhiteTeam "SV Bau-Union e.V."]
[BlackTeam "SF Friedrichshagen"]

1. e4 c6 2. d4 d5 3. f3 dxe4 4. fxe4 e5 5. Nf3 exd4 6. Qxd4 Qxd4 7. Nxd4 Bc5 8.
c3 Nf6 9. Bd3 O-O 10. O-O Nbd7 11. Bf4 Re8 12. Nd2 Ne5 13. Bxe5 Rxe5 14. Rae1
Bg4 15. h3 Bh5 16. Kh2 Bd6 17. Nc4 Bc7 18. Nxe5 Bxe5+ 19. Kh1 Rd8 20. Nf3 Bc7
21. Rd1 Bg6 22. Bc2 Nh5 23. Rxd8+ Bxd8 24. Rd1 Ng3+ 25. Kh2 Bc7 26. Rd7 1-0

[Event "BSenEM 2014"]
[Site "Berlin"]
[Date "2014.01.31"]
[Round "2.21"]
[White "Lukas, Prof. Dr. Wilmar"]
[Black "Kothe, Manfred"]
[Result "1/2-1/2"]
[WhiteElo "1705"]
[BlackElo "1856"]
[Annotator "Jaeger,André"]
[PlyCount "88"]
[EventDate "2014.01.30"]
[WhiteTeam "SC Schwarz-Weiß Lichtenrade e.V."]
[BlackTeam "SC Zugzwang 95 e.V."]

1. e4 c6 2. d4 d5 3. Nc3 dxe4 4. Nxe4 Nd7 5. c3 Ngf6 6. Nxf6+ Nxf6 7. Bd3 h6 8.
Nf3 Bg4 9. h3 Bxf3 10. Qxf3 e6 11. Bf4 Bd6 12. O-O Qc7 13. Bxd6 Qxd6 14. Rfe1
O-O 15. Re5 b6 16. Rae1 Rad8 17. Bc2 Qc7 18. g4 Rd5 19. Rxd5 Nxd5 20. Re5 g6
21. h4 c5 22. Be4 {(=)} cxd4 23. cxd4 Qc1+ 24. Kh2 Ne7 25. Qf6 Qc7 26. Kg2 Nc6
27. Bxc6 Qxc6+ 28. Qf3 Qc4 29. Qe3 Rd8 30. Re4 Kg7 31. Qc3 Qd5 32. f3 Rd6 33.
b3 Rc6 34. Qb2 f6 35. Re2 Rd6 36. Rc2 Rd7 37. Re2 Kf7 38. Qd2 g5 39. hxg5 hxg5
40. Qd3 f5 41. gxf5 exf5 42. Qe3 Kf6 43. Qe8 g4 44. Qe5+ Qxe5 1/2-1/2

[Event "BSenEM 2014"]
[Site "Berlin"]
[Date "2014.01.31"]
[Round "2.22"]
[White "Willin, Bernhard"]
[Black "Peter, Dr. Volkhard"]
[Result "1/2-1/2"]
[WhiteElo "1854"]
[BlackElo "1676"]
[Annotator "Jaeger,André"]
[PlyCount "98"]
[EventDate "2014.01.30"]
[WhiteTeam "SC Horben"]
[BlackTeam "SC Oranienburg e.V."]

1. e4 e5 2. Nf3 Nc6 3. Bb5 Nf6 4. O-O a6 5. Ba4 Nxe4 6. d4 exd4 7. Re1 d5 8.
Nxd4 Bd6 9. Nc3 Bxh2+ 10. Kf1 O-O 11. Nxe4 dxe4 12. Nxc6 bxc6 13. Bxc6 Be6 14.
b3 Qxd1 15. Rxd1 Rad8 16. Ba3 Bd6 {(=)} 17. Bxd6 cxd6 18. Bxe4 f5 19. Bd5 Kf7
20. c4 Kf6 21. Rd4 Bxd5 22. Rxd5 Ke7 23. Rad1 Rf6 24. R1d3 g6 25. Ke2 Re6+ 26.
Kd2 Re5 27. f4 Rxd5 28. Rxd5 Kd7 29. Ra5 Ra8 30. Kd3 Kc6 31. b4 Kb6 32. g3 Re8
33. Kd4 Re1 34. Ra3 Rd1+ 35. Kc3 Rg1 36. Kd2 h6 37. Rd3 Kc6 38. a3 Rg2+ 39. Kc3
g5 40. fxg5 hxg5 41. Kb3 f4 42. gxf4 gxf4 43. Ka4 Rg5 44. Rf3 Rf5 45. Kb3 Kd7
46. Kc3 Ke6 47. Kd4 Kf6 48. c5 dxc5+ 49. bxc5 Ke6 1/2-1/2

[Event "BSenEM 2014"]
[Site "Berlin"]
[Date "2014.01.31"]
[Round "2.23"]
[White "Engelhardt, Erhard"]
[Black "Maetzing, Dr. Hans-Dieter"]
[Result "0-1"]
[WhiteElo "1674"]
[BlackElo "1843"]
[Annotator "Jaeger,André"]
[PlyCount "108"]
[EventDate "2014.01.30"]
[WhiteTeam "SSV Rotation Berlin e.V."]
[BlackTeam "SG Narva Berlin e.V."]

1. f4 d6 2. Nf3 c6 3. b3 Bg4 4. e3 e5 5. fxe5 dxe5 6. h3 Bxf3 7. Qxf3 Nd7 8.
Bc4 Qh4+ 9. Qf2 Qxf2+ 10. Kxf2 Ngf6 11. Bb2 Ne4+ 12. Ke1 Be7 13. Rf1 Rf8 14.
Nc3 Bh4+ 15. Kd1 Nd6 16. Be2 f5 17. Kc1 O-O-O 18. Ba3 Kc7 19. Kb2 Nb6 20. Rac1
Rf7 21. d3 Bg5 22. Nd1 Nbc8 23. c4 f4 24. exf4 Rxf4 25. Rxf4 exf4 26. Rc2 Nf5
27. Bc5 Bf6+ 28. Kb1 Bd4 29. Bxd4 Nxd4 30. Rd2 Nxe2 31. Rxe2 Rxd3 32. Kc2 Rg3
33. Rf2 f3 34. Ne3 fxg2 35. Nxg2 Nd6 36. Nf4 g5 37. Ne6+ Kc8 38. Rh2 h6 39. h4
Re3 40. Ng7 g4 41. Rg2 g3 42. Kd2 Rf3 43. Ke2 Rc3 44. Kd2 Ne4+ 45. Ke2 Kd7 46.
Nf5 Ke6 47. Nxh6 Ke5 48. Nf7+ Kf4 49. h5 Rc2+ 50. Kf1 Nd2+ 51. Ke1 Nf3+ 52. Kf1
Nh2+ 53. Ke1 Rxg2 54. h6 Nf3+ 0-1

[Event "BSenEM 2014"]
[Site "Berlin"]
[Date "2014.01.31"]
[Round "2.24"]
[White "Fieguth, Bernd"]
[Black "Casny, Guenter"]
[Result "1/2-1/2"]
[WhiteElo "1842"]
[BlackElo "1670"]
[Annotator "Jaeger,André"]
[PlyCount "56"]
[EventDate "2014.01.30"]
[WhiteTeam "SF Friedrichshagen"]
[BlackTeam "SC Rochade e.V."]

1. c4 e6 2. g3 Nf6 3. Bg2 d5 4. Nf3 c5 5. O-O Nc6 6. b3 Be7 7. Bb2 O-O 8. d4
cxd4 9. Nxd4 Bd7 10. Nd2 Bc5 {(=)} 11. N2f3 Re8 12. e3 dxc4 13. bxc4 a6 14. Rb1
Rb8 15. Ba1 Qe7 16. Qe2 Red8 17. Rfd1 Be8 18. h3 h6 19. Kh2 Nh7 20. e4 Nxd4 21.
Nxd4 f6 22. e5 f5 23. Nxe6 Qxe6 24. Bd5 Rxd5 25. cxd5 Qg6 26. Rbc1 Bb5 27. Qd2
Ng5 28. Qf4 Be2 {(=)} 1/2-1/2

[Event "BSenEM 2014"]
[Site "Berlin"]
[Date "2014.01.31"]
[Round "2.25"]
[White "Ollek, Karl-Heinz"]
[Black "Witte, Manfred"]
[Result "0-1"]
[WhiteElo "1546"]
[BlackElo "2140"]
[Annotator "Jaeger,André"]
[PlyCount "74"]
[EventDate "2014.01.30"]
[WhiteTeam "SC Friesen Lichtenberg e.V."]
[BlackTeam "VfB Hermsdorf e.V."]

1. c4 Nf6 2. d4 c5 3. e3 g6 4. Nf3 Bg7 5. Be2 O-O 6. O-O cxd4 7. Nxd4 Nc6 8. b3
Nxd4 9. exd4 d5 10. c5 Ne4 11. Bb2 Nxc5 12. Nc3 Ne6 13. Na4 Bd7 14. Qd2 Bxa4
15. bxa4 Qd6 16. Rfe1 Rac8 17. Rac1 Rc6 18. Rxc6 Qxc6 19. Bb5 Qd6 20. Qe3 Bf6
21. Ba3 Qb6 22. Bc5 Qc7 23. Rd1 b6 24. Ba3 Qc2 25. Rd2 Qb1+ 26. Bf1 Rc8 27. g3
Rc4 28. Kg2 Rxd4 29. Rxd4 Bxd4 30. Qb3 Qe1 31. Qc2 Nc5 32. Qe2 Qxe2 33. Bxe2 e6
34. a5 Ne4 35. f3 Nc3 36. axb6 Nxe2 37. bxa7 Bxa7 0-1

[Event "BSenEM 2014"]
[Site "Berlin"]
[Date "2014.01.31"]
[Round "2.26"]
[White "Rahls, Peter"]
[Black "Krempelsetzer, Klaus"]
[Result "1-0"]
[WhiteElo "2169"]
[BlackElo "1624"]
[Annotator "Jaeger,André"]
[PlyCount "61"]
[EventDate "2014.01.30"]
[WhiteTeam "SK Zehlendorf e.V."]
[BlackTeam "SG Eckturm"]

1. e4 c5 2. c3 Nc6 3. d4 cxd4 4. cxd4 d5 5. exd5 Qxd5 6. Nc3 Qd8 7. d5 Ne5 8.
Bf4 Ng6 9. Bg3 Bd7 10. Qb3 f5 11. Nh3 Qb6 12. Qxb6 axb6 13. Bc7 Rc8 14. Bxb6 e6
15. dxe6 Bxe6 16. Bb5+ Kf7 17. Ng5+ Kf6 18. Nxe6 Kxe6 19. O-O-O Bc5 20. Bd7+
Kf7 21. Bxc8 Bxb6 22. Bxf5 Bxf2 23. Rhf1 Be3+ 24. Kc2 Nf6 25. Be4 b6 26. Rd7+
Ke6 27. Bf5+ Ke5 28. Rxg7 Nf4 29. g4 Ng2 30. Re7+ Kd6 31. Re6+ 1-0

[Event "BSenEM 2014"]
[Site "Berlin"]
[Date "2014.01.31"]
[Round "2.27"]
[White "Langer, Guenter"]
[Black "Höckendorf, Hartmut"]
[Result "0-1"]
[WhiteElo "1657"]
[BlackElo "2085"]
[Annotator "Jaeger,André"]
[PlyCount "90"]
[EventDate "2014.01.30"]
[WhiteTeam "TSG Oberschöneweide e.V."]
[BlackTeam "BSG Pneumant Fürstenwalde e.V."]

1. d4 Nf6 2. Nf3 g6 3. g3 Bg7 4. Bg2 O-O 5. O-O d6 6. c4 Nc6 7. Nc3 a6 8. b3
Rb8 9. Bb2 b5 10. cxb5 axb5 11. e3 b4 12. Nb1 Bb7 13. Nbd2 Nd7 14. Qc2 Na5 15.
Rfd1 c5 16. dxc5 Bxb2 17. Qxb2 Nxc5 18. Qd4 e5 19. Qb2 Qf6 20. Ne1 Qe6 21. Ndf3
Rfd8 22. Rac1 Ne4 23. h4 h6 24. Rc2 Nc3 25. Rdd2 Rbc8 26. Kh2 Be4 27. Rc1 Bf5
28. Nc2 Ne4 29. Re2 Nc6 30. Nd2 Nc3 31. Ree1 e4 32. Nc4 d5 33. Nb6 Rb8 34. Na4
Qf6 35. Rf1 Ne5 36. Nd4 Nxa4 37. bxa4 Nd3 38. Qb3 Nxc1 39. Rxc1 Be6 40. Kg1
Rdc8 41. Rc2 Rxc2 42. Qxc2 Rc8 43. Qb2 Bd7 44. Qxb4 Rc1+ 45. Kh2 Qxf2 0-1

[Event "BSenEM 2014"]
[Site "Berlin"]
[Date "2014.01.31"]
[Round "2.28"]
[White "Albrecht, Rainer"]
[Black "Prix, Siegfried"]
[Result "1-0"]
[WhiteElo "2083"]
[BlackElo "1661"]
[Annotator "Jaeger,André"]
[PlyCount "25"]
[EventDate "2014.01.30"]
[WhiteTeam "SC Kreuzberg e.V."]
[BlackTeam "Sfrd. Berlin 1903 e.V."]

1. d4 d5 2. c4 c6 3. Nc3 Nf6 4. e3 Bf5 5. cxd5 cxd5 6. Qb3 Qd7 7. Nf3 e6 8. Ne5
Qc7 9. Bd2 Nbd7 10. Rc1 Qb6 11. Nb5 Bd6 12. Bb4 Bxb4+ 13. Qxb4 1-0